=LDR 00000nam 2200000 4500 =001 NUTBA000000000003918 =005 20140829100606.0 =006 =007 =008 =020 ##$$a978-602-19895 =035 ##$$a 0010-081400000000763 =082 ##$$a 516 =100 ##$$aNURUL AINI =245 ##$$aGEOMETRI II =260 ##$$a MALANG $b INTI MEDIA $c 2012 =300 ##$$a 81 hlm $c 20 cm =650 ##$$aMATEMATIKA-GEOMETRI =850 ##$$aNBPNMAT =990 ##$$a 0001/BPAP-NTB/20142014 =990 ##$$a 0001/BPAP-NTB/20142014 =990 ##$$a 0001/BPAP-NTB/20142014 =990 ##$$a 0001/BPAP-NTB/20142014 =990 ##$$a 0001/BPAP-NTB/20142014 =990 ##$$a 0001/BPAP-NTB/20142014